"-Stan" Capital Cities - Statistics

General Stats
  • This quiz has been taken 70 times
  • The average score is 6 of 7
Answer Stats
Hint Answer % Correct
Kazakhstan Astana
94%
Afghanistan Kabul
91%
Tajikistan Dushanbe
88%
Pakistan Islamabad
88%
Uzbekistan Tashkent
85%
Turkmenistan Ashgabat
79%
Kyrgyzstan Bishkek
79%
No matching quizzes found
Score Distribution
Percent of People with Each Score
Percentile by Number Answered
Your Score History
You have not taken this quiz